000 00847nam a2200229Ia 4500
003 OSt
005 20220923215307.0
006 a|||||r|||| 00| 0
007 ta
008 220922b |||||||| |||| 00| 0 hin d
024 _a177,495
037 _cTextual
040 _aARTS
_cARTS
_bhin
041 _2hin
_ahin
082 _aO152,1L53:g, L7-;1
100 _aतेंलग, भालचन्द्र राव, संपा.
_9162280
245 0 _aपद्माकर
_b मूल्यांकन और पाठक संग्रह
246 _aPadmākara: mūlyāankan aur pāṭhak sangraha
260 _aइन्दौर
_b कमल प्रकाशन
_c1977
942 _hO152,1L53:g, L7-;1
_cTEXL
_2CC
999 _c330883
_d330883